LEADER 00426nab a2200145 i 4500 001 000000285659 003 CaOOAMICUS 005 20180831165318.0 008 180831n xx uu u0 0und r 013 $a39204 040 $aSeMil$bita 245 10$a[SENZA TITOLO]. - 31 p. 500 $a1969/2 [Edizione inglese]. 773 0 $t[1968-1973].$dRoma : [s.n.], 1973$w()240531 996 $6245$a[SENZA TITOLO]. - 31 p.$9(OLS)http://semarc/title/354957 LEADER 00794nam a2200217 i 4500 001 000000067758 003 CaOOAMICUS 005 20100608000000.0 008 100608s1908 fr u000 u fre u 013 $a38930 040 $aSeMil$bita 100 1 $aGratry, Alphonse,$d<1805-1872>.$0(OLS)http://semarc/name/7336 245 10$aTome 1 /$cA. Gratry. 250 $aNouvelle éd. 260 $aParis :$bP. Téqui,$c1908. 300 $aCXLIV, 365 p. ;$c19 cm. 773 0 $aGratry, Alphonse <1805-1872>$tLogique.$bNouvelle éd.$dParis : P. Téqui, 1908.$g1$w()15715 850 $aSeMil 852 $aSeMil$W1$xVenegono$y1$m2O I 313$j33911$B33911$CSeMilBibl$Z2$F33914 $81 996 $6245$aTome 1$9(OLS)http://semarc/title/63803 996 $6260$aParis :$bP. Téqui$9(OLS)http://semarc/publisher/33769